[Event "London rapid m"]
[Site "London"]
[Date "1993.??.??"]
[Round "3"]
[White "Kasparov, Garry"]
[Black "Short, Nigel D"]
[Result "1-0"]
[WhiteElo "2815"]
[BlackElo "2665"]
[PlyCount "53"]
[EventDate "1993.10.??"]
[EventType "match (rapid)"]
[EventRounds "4"]
[EventCountry "ENG"]
[SourceTitle "EXT 1998"]
[Source "ChessBase"]
[SourceDate "1997.11.17"]
[SourceVersion "1"]
[SourceVersionDate "1997.11.17"]
[SourceQuality "1"]

1. Nf3 d5 2. c4 e6 3. d4 Nf6 4. Nc3 dxc4 5. Qa4+ Nbd7 6. e4 a6 7. Bxc4 c6 8.
Qd1 Be7 9. O-O O-O 10. a4 b6 11. Bd3 Bb7 12. e5 Nd5 13. Nxd5 cxd5 14. Bd2 a5
15. Rc1 Nb8 16. Bb5 Na6 17. Qb3 Rc8 18. Rc3 Nc7 19. Bd3 Bb4 20. Bxh7+ Kxh7 21.
Ng5+ Kg8 22. Rh3 Re8 23. Qf3 Qd7 24. Qh5 Kf8 25. Nh7+ Ke7 26. Bg5+ f6 27. Nxf6
1-0

[Event "Botvinnik Memorial m 5'"]
[Site "Moscow"]
[Date "2001.12.09"]
[Round "9"]
[White "Kramnik, Vladimir"]
[Black "Kasparov, Garry"]
[Result "1-0"]
[WhiteElo "2802"]
[BlackElo "2838"]
[Annotator "Huzman,A"]
[PlyCount "85"]
[EventDate "2001.12.09"]
[EventType "match (blitz)"]
[EventRounds "10"]
[EventCountry "RUS"]
[SourceTitle "CBM 087"]
[Source "ChessBase"]
[SourceDate "2002.03.21"]
[SourceVersion "1"]
[SourceVersionDate "2002.03.21"]
[SourceQuality "1"]

1. d4 d5 2. c4 dxc4 3. Nf3 e6 4. e3 a6 5. Bxc4 c5 6. O-O Nf6 7. Bd3 cxd4 8.
exd4 Be7 9. Ne5 Nc6 10. Nxc6 bxc6 11. Be3 Nd5 (11... O-O 12. Qc2 Qc7 13. Nd2 h6
14. Rac1 Bb7 15. Ne4 $1 $146 (15. Be2 a5 16. Rfd1 Rfc8 17. Nb3 Ba6 18. Bf3 a4
19. Nc5 Bb5 20. g3 {1/2-1/2 Huzman,A-Yakovich,Y/Pula 1997/CBM 57 ext (20)})
15... Nd5 16. Qe2 Rfd8 17. Rfd1 a5 18. Nc5 Nxe3 19. fxe3 Bd6 20. h3 (20. Qh5 {
Gelfand,B} Bxc5 21. Qxc5 Rd5 22. Qc3 $14) 20... a4 21. Be4 Ra5 22. Nxb7 Qxb7
23. Rxc6 $6 {1/2-1/2 Gelfand,B-Anand,V/Biel 1997/Inf 70/[Gelfand,B] (32)} (23.
Bxc6 $1 $16)) 12. Nc3 O-O 13. Rc1 Nxe3 $6 (13... a5 $5 14. Ne4 Ba6) 14. fxe3 c5
$2 (14... Bg5 $5 15. Qf3 e5 $132) 15. dxc5 Bxc5 16. Bxh7+ Kxh7 17. Qh5+ Kg8 18.
Qxc5 $16 {/+-} Bb7 19. Rcd1 Rc8 20. Rxd8 Rxc5 21. Rd7 (21. Rfd1 $5) 21... Bc8
22. Rd6 a5 23. e4 Bb7 24. Rfd1 g5 25. Rb6 Bc6 26. Rd6 Rc8 27. Kf2 Kg7 28. Ke3
Be8 29. Rb7 Kf6 30. Ra6 $1 Kg7 31. Rba7 $18 Rb8 32. Rxa5 Rxa5 33. Rxa5 Rxb2 34.
Rxg5+ Kf6 35. h4 Rc2 36. e5+ Ke7 37. Kd3 Rb2 38. h5 Rb4 39. g3 Rb2 40. Rg4 f5
41. exf6+ Kxf6 42. Ne4+ Ke7 43. h6 1-0

[Event "Norway Chess 5th"]
[Site "Stavanger"]
[Date "2017.06.10"]
[Round "4"]
[White "Aronian, Levon"]
[Black "Carlsen, Magnus"]
[Result "1-0"]
[WhiteElo "2793"]
[BlackElo "2832"]
[Annotator "Aronian,L"]
[PlyCount "69"]
[EventDate "2017.06.06"]
[EventType "tourn"]
[EventRounds "9"]
[EventCountry "NOR"]
[EventCategory "22"]
[SourceTitle "CBM 179"]
[Source "ChessBase"]
[SourceDate "2017.07.12"]
[SourceVersion "1"]
[SourceVersionDate "2017.07.12"]
[SourceQuality "1"]

1. d4 d5 2. c4 c6 3. Nf3 Nf6 4. Nc3 e6 5. e3 a6 {This move was not what I was
expecting, but of late my opponent has been playing the Slav Defence
frequently, so that it is easy to explain his choice. The ratio of predicting
the opening choices of my opponents is in my case one in three. Dieser Zug kam
für mich unerwartet, aber mein Gegner spielt in der letzten Zeit oft die
Slawische Verteidigung, sodass sich seine Wahl leicht erklären lässt. Die
Quote bei der Voraussage der Eröffnungswahl meiner Gegner ist bei mir etwa
eins zu drei.} 6. b3 {In 2013 I played four games with this variation (none
since then), but on every occasion I had the black pieces.. 2013 spielte ich
vier Partien mit dieser Variante (und seitdem nicht mehr), hatte dabei aber
immer Schwarz.} ({On those occasions Gelfand, Nakamura and Ding Liren
preferred the continuation with Gelfand, Nakamura und Ding Liren haben gegen
mich damals die Fortsetzung} 6. c5 {which leads to a murky strategic battle.
The move in the game is considered less "hard", but I wanted to obtain a
lively game. bevorzugt, die zu einem zähflüssigen strategischen Kampf führt.
Der Partiezug gilt als weniger "hart", aber ich wollte ein lebendiges Spiel
bekommen.}) 6... Bb4 ({I have never been able to understand the popularity of
Die Popularität von} 6... c5 {, Black has developed only one knight and yet
he makes another pawn move. A really Romantic way of playing... konnte ich nie
verstehen. Schwarz hat nur einen Springer entwickelt und trotzdem macht er
einen weiteren Bauernzug. Eine echt romantische Spielweise...}) 7. Bd2 Nbd7 8.
Bd3 O-O 9. O-O Qe7 {The second most frequently played continuation, which
offers more room for creativity. Die zweithäufigste Fortsetzung, die mehr
Raum für Kreativität bietet.} ({In the 2012 world championship the move
Anand chose against Gelfand was In der Weltmeisterschaft 2012 spielte Anand
gegen Gelfand} 9... Bd6) 10. Bc2 ({I found this in 2005 or 2006. The idea is
actually typical. Even in the variation with Das fand ich 2005 oder 2006.
Eigentlich ist diese Idee typisch, sogar in der Variante} 10. Qe1 a5 {the move
ist} 11. Bc2 {is a good option. The move 10.Bc2 is useful for e3-e4, and in
addition it is aimed against e6-e5 (see below). eine gute Möglichkeit. Der
Zug 10.Bc2 ist für e3-e4 nützlich, außerdem ist er gegen e6-e5 gerichtet (s.
weiter unten).}) 10... Rd8 {This logical contiuation has a hidden but
important disadvantage. Black has available to him other sound moves such as
10...b6 or 10...Re8. Then White's play would be linked either to the pawn
sacrifice 11.a3 Bxa3 12.e4 or to the preparation of the advance e3-e4 by means
of 11.Re1. Diese logische Fortsetzung hat einen versteckten, aber wesentlichen
Nachteil. Schwarz verfügte über andere gesunde Züge wie 10...b6 oder 10...
Re8 - dann wäre das weiße Spiel entweder mit dem Bauernopfer 11.a3 Bxa3 12.
e4 oder mit der Vorbereitung des Vorstoßes e3-e4 mittels 11.Re1 verbunden.} (
10... b6 11. a3 (11. Re1) 11... Bxa3 12. e4) (10... Re8 11. a3 (11. Re1) 11...
Bxa3 12. e4) ({But Auf} 10... e5 {is met by the strong reply folgt die starke
Erwiderung} 11. Nxd5 cxd5 12. Bxb4 Qxb4 13. dxe5 {with the advantage. mit
Vorteil.}) 11. a3 {After thinking things over for 17 minutes I came to the
conclusion that apart from 11.a3 there are few good moves here. In doing so I
assumed that it is very dangeous for Black to take on a3. Nach 17 Minuten
Nachdenken kam ich zum Schluss, dass es hier außer 11. a3 wenige gute Züge
gibt. Dabei vermutete ich, dass es für Schwarz sehr gefährlich ist, auf a3
zu nehmen.} Bxa3 ({The lesser evil was probably Das kleinere Übel war
wahrscheinlich} 11... Bd6 12. e4 dxe4 13. Nxe4 Nxe4 14. Bxe4 Nf6 15. Bg5 {
, after which Black gets a passive but solid position. But this variation
would mean that 10...Rd8 was not a good idea. , wonach Schwarz eine passive,
aber feste Stellung bekäme. Diese Variante würde aber bedeuten, dass 10...
Rd8 keine gute Idee war.}) 12. Rxa3 (12. e4 {would lead to a position in which
White would have compensation for the pawn he has sacrificed, but one should
not miss the chance to raise the stakes führte zu einer Stellung, in der
Weiß Kompensation für den geopferten Bauern hätte, aber man darf nicht die
Chance verpassen, den Einsatz zu erhöhen.}) 12... Qxa3 13. c5 b6 ({Whilst my
opponent was pondering the position, I turned my attention to the continuation
Während mein Gegner über die Stellung sinnierte, widmete ich mich der
Fortsetzung} 13... e5 {, which I considered to be the strngest. , die ich für
die stärkste hielt. After the further moves Nach den weiteren Zügen} 14. Nb1
Qa2 15. Bb4 a5 16. Nc3 Qxc2 17. Qxc2 axb4 18. Na2 {it is White who has the
advantage. gehört der Vorteil dem Weißen.}) 14. b4 {A mistake. Ein Fehler.} (
{Instead of that White had at his disposal a way to gain the upper hand, but
which simply did not occur to me: Stattdessen verfügte Weiß über einen Weg,
die Oberhand zu gewinnen, der mir aber gar nicht in den Sinn kam:} 14. Nb1 Qa2
15. Qc1 ({I overlooked the fact that I had this option and considered only ich
habe übersehen, dass ich diese Option besitze und habe nur} 15. Bb4 {which
would lead to sharp play. in Betracht gezogen, was zu scharfem Spiel führen
würde}) 15... bxc5 16. Nc3 Qa5 17. Nxd5 Qb5 18. Nc7 Qb8 19. Nxa8 Qxa8 20. Ba5
Re8 21. dxc5 {and there is no way to heal the wounds in the black position.
und die Wunden in der schwarzen Stellung sind unheilbar.}) 14... Ne4 ({The
only possibility of maintaining the tension was the amazing Die einzige
Möglichkeit, die Spannung aufrechtzuerhalten, war das verblüffende} 14... Qb2
$1 {This is actually logical - in order to save yourself from wild animals you
have to get closer to them and show that you are not afraid of them. Easier
said than done. Eigentlich ist es logisch - um sich vor wilden Tieren zu
retten, muss man ihnen näherkommen und zeigen, dass man sie nicht fürchtet.
Leichter gesagt, als getan...}) 15. Nxe4 dxe4 16. Bxe4 Rb8 {This came after a
long period of thought. Simpler moves led to unpleasant endgames in which the
white pawns d4-c5 represent important trump cards. Das folgte nach langem
Nachdenken. Einfachere Züge führten zu unangenehmen Endspielen, in denen die
weißen Bauern d4-c5 wichtige Trümpfe darstellen.} 17. Bxh7+ ({The
consequences of Die Folgen von} 17. Bxc6 a5 {were not really clear to me.
waren mir nicht ganz klar.}) ({I also considered (the stronger) Ich habe auch 
(das stärkere)} 17. Qc2 {but what worried me about it was the possibility of
betrachtet, aber dabei störte mich die Möglichkeit} Nf6 {; If the
continuation in the game had not been so tempting, I would perhaps have taken
a closer look and found the reply ; wäre die Partiefortsetzung nicht so
verlockend gewesen, hätte ich vielleicht genauer hingeschaut und die
Erwiderung} 18. Bxh7+ Nxh7 19. Ne5 {with the terrible threat of Nc4. mit der
schrecklichen Drohung Nc4 gefunden.}) 17... Kxh7 ({In the event of Im Falle von
} 17... Kf8 {there is the very strong ist} 18. Qc2 bxc5 19. Ne5 {when White's
attack brings in material dividends. sehr stark - der weiße Angriff bringt
materielle Dividenden.}) 18. Ng5+ Kg8 {The only move, after which the moves
are forced for a while. Der einzige Zug, nach dem sich das Spiel eine Zeit
lang forciert entwickelt.} ({In the event of Im Falle von} 18... Kg6 19. Qg4 f5
20. Qg3 Kf6 (20... f4 21. Qxf4 Rf8 22. Qh4 {with a decisive attack. mit
entscheidendem Angriff}) 21. d5 {the black pieces are too passive to be able
to completely defend their king. sind die schwarzen Figuren zu passiv, um
ihren König vollwertig verteidigen zu können.}) 19. Qh5 Nf6 20. Qxf7+ Kh8 21.
Qc7 Bd7 22. Nf7+ Kh7 {I too thought that the king was worse placed on g8 than
on h7. Auch ich dachte, dass der König auf g8 schlechter steht, als auf h7.}
23. Nxd8 Rc8 24. Qxb6 ({When the situation of the opposing king on h7 is taken
into account, White has the interesting option of In Anbetracht der Lage des
gegnerischen Königs auf h7 verfügte Weiß über die interessante Möglichkeit
} 24. Qf4 Rxd8 25. e4 {with the threat of 26.e5, but I steered a course
towards the position which I had calcualted in advance. mit der Drohung 26.e5,
aber ich steuerte auf die Stellung aus meiner Vorausberechnung los.}) 24... Nd5
25. Qa7 Rxd8 26. e4 Qd3 {We both considered this move to be the strongest
continuation; but in reality it is a mistake. Diesen Zug hielten wir beide
für die stärkste Fortsetzung, in Wirklichkeit aber ist es ein Fehler.} ({
When calculating 17.Bxh7+ I reached the position which would now appear after
Beim Berechnen von 17.Bxh7+ kam ich zur Position, die nun nach} 26... Nf6 27.
Bg5 Qxb4 (27... Kg6 {is bad on account of ist schlecht wegen} 28. Bxf6 Kxf6 29.
Qc7 Ke7 30. d5) 28. e5 Qxd4 29. exf6 gxf6 {and I thought I would be able to
find something in it for White. To my amazement I am obliged to admit that in
this case after aufs Brett kommen würde, und dachte, dass sich dort für
Weiß etwas finden ließe. Zu meiner Verwunderung muss ich zugeben, dass der
Anziehende in diesem Fall nach} 30. Qc7 Rf8 31. Be3 {White is only slightly
better. nur etwas besser steht.}) 27. exd5 Qxd2 28. Qc7 Qg5 29. dxc6 {It is
astonishing, but this natural move turns out to be a blunder which costs White
all of his advantage. Erstaunlich, aber dieser natürliche Zug erweist sich
als ein grober Fehler, der den Weißen seinen ganzen Vorteil kostet.} ({
After the best move Nach dem besten} 29. d6 {Black has only a few
possibilities for counterplay, so that White would be able to gradually
activate his rook and decide the game in his favour. hat Schwarz nur wenige
Gegenspielmöglichkeiten, sodass der Anziehende imstande sein würde, seinen
Turm allmählich zu aktivieren und die Partie für sich zu entscheiden. As he
does so, however, he must see that Dabei muss man übrigens sehen, dass} e5 30.
dxe5 Bh3 {does not work on account of wegen} 31. Qxc6 {. In the final position
the white queen has everything under control. nicht funktioniert - in der
Endstellung hält die weiße Dame alles unter Kontrolle.}) 29... Bc8 (29... Be8
{loses material after verliert Material nach} 30. Qb7) 30. h3 Qd5 ({After Auf} 
30... e5 {then gewinnt} 31. f4 exf4 32. Qxf4 {wins, because the white queen
and rook get into the game. , weil die weißen Dame und Turm ins Spiel kommen.}
) 31. Rd1 e5 {This delay costs Black the game. Diese Verzögerung kostet den
Schwarzen die Partie.} ({He could save himself by attacking the f2-square by
means of Die Rettung bestand im Angriff auf den Punkt f2 mittels} 31... Rf8 {
- after - nach} 32. Qd6 ({or oder} 32. Rd3 Qe4) 32... Qb3 33. Qxf8 Qxd1+ 34.
Kh2 Qxd4 {The struggle would end in a draw. würde der Kampf unentschieden
enden.}) 32. Rd3 {The rook disrupts the black position. Der Turm bringt
Dissonanz in die schwarze Stellung.} exd4 33. Qe7 Bf5 ({There was the more
resilient Zäher wäre} 33... Rg8) 34. Rg3 Bg6 35. Qh4+ {Of course, there are
several mistakes in this game but the content is worthy of study. Natürlich
gibt es in dieser Partie mehrere Fehler, dafür aber einen würdigen Inhalt.}
1-0

[Event "FIDE World Cup"]
[Site "Tromsoe"]
[Date "2013.08.19"]
[Round "3.8"]
[White "Karjakin, Sergey"]
[Black "Eljanov, Pavel"]
[Result "1-0"]
[WhiteElo "2772"]
[BlackElo "2702"]
[PlyCount "139"]
[EventDate "2013.08.11"]
[EventType "k.o."]
[EventRounds "7"]
[EventCountry "NOR"]
[SourceTitle "CBM 156"]
[Source "ChessBase"]
[SourceDate "2013.09.17"]
[SourceVersion "1"]
[SourceVersionDate "2013.09.17"]
[SourceQuality "1"]

1. e4 c6 2. d4 d5 3. e5 Bf5 4. Nf3 e6 5. Be2 Ne7 6. c3 h6 7. Nbd2 Nd7 8. O-O
Bh7 9. Nb3 a5 10. a4 Ng6 11. g3 Be7 12. Bd3 O-O 13. Re1 Qc7 14. h4 Rfc8 15. Be3
c5 16. h5 c4 17. hxg6 fxg6 18. Bb1 cxb3 19. Qxb3 g5 20. Bxh7+ Kxh7 21. Kg2 Kg8
22. Qc2 Nf8 23. Rh1 Qd7 24. Nd2 Qe8 25. Qd3 Rab8 26. b3 b6 27. Rhc1 Qd7 28. Kg1
Rc7 29. Nf1 Rbc8 30. Bd2 Rd8 31. Ne3 Rcc8 32. Qb5 Qxb5 33. axb5 Ng6 34. Kf1 Kf7
35. Ke2 Bf8 36. Nd1 Ne7 37. Nb2 Nf5 38. Na4 Rb8 39. g4 Nh4 40. Be3 Ng6 41. c4
Bb4 42. Rc2 Nf4+ 43. Kf3 Ng6 44. Rac1 Rd7 45. Ra1 Nh4+ 46. Ke2 Ng6 47. Nb2 Be7
48. Na4 Bb4 49. Nc3 Bxc3 50. Rxc3 Ne7 51. c5 Rdb7 52. c6 Rc7 53. b4 axb4 54.
Rb3 Ng6 55. Bd2 Nf4+ 56. Ke3 Kg6 57. Bxb4 Rf7 58. Bd6 Rc8 59. f3 h5 60. gxh5+
Kxh5 61. Rh1+ Kg6 62. Ra3 Ng2+ 63. Kf2 Nh4 64. Rha1 Rf4 65. Ra8 Rxf3+ 66. Ke2
Rxa8 67. Rxa8 g4 68. c7 g3 69. c8=Q g2 70. Qxe6+ 1-0

[Event "chess.com Speed 2019"]
[Site "chess.com INT"]
[Date "2019.11.19"]
[Round "2.20"]
[White "So, W.."]
[Black "Vachier Lagrave, M.."]
[Result "1-0"]
[WhiteElo "2767"]
[BlackElo "2774"]
[PlyCount "119"]
[EventDate "2019.09.02"]
[EventType "k.o. (blitz)"]
[EventRounds "4"]
[EventCountry "USA"]
[SourceTitle "The Week in Chess 1309"]
[Source "Mark Crowther"]
[SourceDate "2019.12.10"]
[SourceVersion "1"]
[SourceVersionDate "2019.12.10"]
[SourceQuality "2"]

1. e4 c5 2. Nf3 e6 3. d4 cxd4 4. Nxd4 Nf6 5. Nc3 Nc6 6. Ndb5 Bb4 7. a3 Bxc3+ 8.
Nxc3 O-O 9. Bd3 d5 10. exd5 Nxd5 11. Nxd5 Qxd5 12. O-O Rd8 13. Be3 b6 14. Qg4
Ne5 15. Bxh7+ Kxh7 16. Qh5+ Kg8 17. Rfd1 Nd3 18. Qxd5 Rxd5 19. Rxd3 Rxd3 20.
cxd3 Ba6 21. d4 Rc8 22. Rc1 Rxc1+ 23. Bxc1 Bb7 24. f3 f6 25. Kf2 Kf7 26. h4 Bd5
27. g4 a5 28. Bf4 b5 29. h5 a4 30. Kg3 Bb3 31. g5 fxg5 32. Bxg5 Bd5 33. Bf4 Bc4
34. Be5 Bd5 35. Kg4 Bc4 36. Bd6 Bd5 37. Kf4 Bc6 38. Bc5 Bd5 39. Bb4 Bc6 40. Bc3
Bd5 41. Kg4 Bc6 42. f4 Bd5 43. Bb4 Bc6 44. Bd6 Be4 45. Kg5 Bc2 46. Be5 Be4 47.
Bc7 Bc2 48. Bd6 Bd3 49. Be5 Be4 50. Bc7 Bc2 51. Ba5 Bd3 52. Bc3 Bc2 53. f5 Bxf5
54. d5 Be4 55. d6 Bc6 56. Kf4 Bd7 57. Be5 Bc6 58. Ke3 Be8 59. Kd4 Kf8 60. Kc5
1-0

[Event "chess.com Speed 2019"]
[Site "chess.com INT"]
[Date "2019.11.19"]
[Round "2.12"]
[White "So, W.."]
[Black "Vachier Lagrave, M.."]
[Result "1-0"]
[WhiteElo "2767"]
[BlackElo "2774"]
[PlyCount "35"]
[EventDate "2019.09.02"]
[EventType "k.o. (blitz)"]
[EventRounds "4"]
[EventCountry "USA"]
[SourceTitle "The Week in Chess 1309"]
[Source "Mark Crowther"]
[SourceDate "2019.12.10"]
[SourceVersion "1"]
[SourceVersionDate "2019.12.10"]
[SourceQuality "2"]

1. e4 e6 2. d4 d5 3. Nc3 Nf6 4. e5 Nfd7 5. f4 c5 6. Nf3 Nc6 7. Be3 a6 8. Qd2 b5
9. dxc5 Bxc5 10. Bd3 Qb6 11. Bf2 Bb7 12. O-O Rc8 13. Rae1 O-O 14. Bxh7+ Kxh7
15. Ng5+ Kg8 16. Qd3 Rfd8 17. Qh7+ Kf8 18. Qh5 1-0

[Event "Beijing Sportaccord blitz"]
[Site "Beijing"]
[Date "2014.12.13"]
[Round "2"]
[White "Vachier Lagrave, Maxime"]
[Black "Wang, Hao"]
[Result "1-0"]
[WhiteElo "2758"]
[BlackElo "2710"]
[PlyCount "109"]
[EventDate "2014.12.13"]
[EventType "tourn (blitz)"]
[EventRounds "30"]
[EventCountry "CHN"]
[EventCategory "20"]
[SourceTitle "CBM 163 Extra"]
[Source "ChessBase"]
[SourceDate "2014.12.23"]
[SourceVersion "1"]
[SourceVersionDate "2014.12.23"]
[SourceQuality "1"]

1. e4 c6 2. Nf3 d5 3. Nc3 Bg4 4. h3 Bxf3 5. Qxf3 e6 6. Be2 Nf6 7. O-O dxe4 8.
Nxe4 Nxe4 9. Qxe4 Nd7 10. d4 Be7 11. c3 O-O 12. b3 Re8 13. Bb2 a5 14. a3 Qb6
15. Qc2 Rad8 16. Rfd1 Bf6 17. b4 Nf8 18. Bc1 Ng6 19. Be3 Qc7 20. Bd3 Ra8 21. b5
e5 22. b6 Qe7 23. dxe5 Bxe5 24. Bf5 Rad8 25. Rxd8 Rxd8 26. Rd1 Rd6 27. c4 Nf8
28. c5 Rxd1+ 29. Qxd1 Ne6 30. Bxh7+ Kxh7 31. Qh5+ Kg8 32. Qxe5 Qd7 33. Qb8+ Kh7
34. Qd6 Qxd6 35. cxd6 Nf8 36. g4 Kg6 37. f4 f5 38. Kf2 Nd7 39. Ke2 Kf7 40. gxf5
Kf6 41. h4 Kxf5 42. Kf3 g6 43. a4 c5 44. Bf2 Nxb6 45. Bxc5 Nd7 46. Bd4 Ke6 47.
Kg4 Kxd6 48. Kg5 Kd5 49. Bc3 Nf8 50. Kf6 Ne6 51. Bd2 Nd4 52. Kxg6 Nf3 53. h5
Ke6 54. h6 Nh4+ 55. Kh5 1-0